Estudio de prefactibilidad para la Pyme un mundo de bambú en el periodo 2022-2025
La presente investigación tiene como objetivo realizar un estudio de prefactibilidad de la pyme un mundo de bambú en el periodo 2022-2025, para analizar su rentabilidad en la elaboración de muebles de bambú.
| Main Author: | |
|---|---|
| Other Authors: | |
| Format: | Tesis Section = Libro |
| Language: | Undetermined Spanish |
| Published: |
Managua
UNI
2021
|
| Subjects: |
| LEADER | 01087nam a2200277Ia 4500 | ||
|---|---|---|---|
| 008 | 240830s9999 xx 000 0 und d | ||
| 040 | |a BIBLIOTECA-RUPAP/ Mon 658.11 V181 | ||
| 041 | |a spa | ||
| 082 | |a Mon 658.11 V181 | ||
| 100 | 1 | |a Vallecillo Ramos, Rene Antonio | |
| 245 | 1 | 0 | |a Estudio de prefactibilidad para la Pyme un mundo de bambú en el periodo 2022-2025 |
| 260 | |a Managua |b UNI |c 2021 | ||
| 300 | |a 82 p. :il. | ||
| 500 | |a Contiene: anexos y CD. | ||
| 502 | |a Tesis (Ingeniero Industrial) - UNI, 2021. | ||
| 520 | 3 | |a La presente investigación tiene como objetivo realizar un estudio de prefactibilidad de la pyme un mundo de bambú en el periodo 2022-2025, para analizar su rentabilidad en la elaboración de muebles de bambú. | |
| 650 | 7 | |a NUEVOS NEGOCIOS-NICARAGUA | |
| 650 | 7 | |b ESTUDIOS DE FACTIBILIDAD | |
| 650 | 7 | |c ESTUDIO DE MERCADO | |
| 650 | 7 | |d ESTUDIO FINANCIERO | |
| 650 | 7 | |e PEQUEÑAS Y MEDIAS EMPRESAS-NICARAGUA | |
| 650 | 7 | |f BAMBU-COMERCIO | |
| 700 | 1 | |a Tutor: |b Áreas Suárez, Juan Carlos | |
| 942 | |c BK |2 ddc | ||
| 991 | |a TESIS | ||
| 999 | |c 18994 | ||